Kaptan Rıza (Mehmet Rıza Kuğu) : (Kayıt no. 10116)

MARC ayrıntıları
000 -BAŞLIK
Sabit Uzunluktaki Kontrol Alanı 00696nam a22002297a 4500
003 - KONTROL NUMARASI KİMLİĞİ
Kontrol Alanı KOHA_MİRAKIL
005 - EN SON İŞLEM TARİHİ ve ZAMANI
Kontrol Alanı 20260331113809.0
008 - SABİT UZUNLUKTAKİ VERİ ÖGELERİ - GENEL BİLGİ
Sabit Alan 260331b tu ||||| |||| 00| 0 tur d
020 ## - ISBN - ULUSLARARASI STANDART KİTAP NUMARASI
Isbn 9789757871323
040 ## - KATALOGLAMA KAYNAĞI
Özgün Kataloglama Kurumu TR-AnABB
Kataloglama Dili tur
Çeviri Kurumu TR-AnABB
041 ## - DİL KODU
Metin ya da ses kaydının dil kodu tur
082 ## - DEWEY ONU SINIFLAMA SİSTEMİ
Sınıflama Numarası 796.334092
Cutter numarası BIZ 2011
245 00 - ESER ADI BİLDİRİMİ
Başlık Kaptan Rıza (Mehmet Rıza Kuğu) :
Alt Eseradı vb. Bizde futbol /
Sorumluluk Bildirimi hazırlayanlar: Sevecen Tunç, Halit Güven
246 ## - DEĞİŞİK BAŞLIK FORMU
Başlık uygun / kısa başlık Bizde futbol
260 ## - YAYIN, DAĞITIM, VB.
Yayın Yeri Trabzon :
Yayınevi TAMEV,
Yayın Tarihi 2011
300 ## - FİZİKSEL TANIMLAMA
Sayfa, Cilt vb. 150 sayfa ;
Boyutları 21 cm
650 04 - KONU BAŞLIĞI EK GİRİŞ - KONU TERİMİ
Konusal terim veya coğrafi ad Futbol, biyografi
650 04 - KONU BAŞLIĞI EK GİRİŞ - KONU TERİMİ
Konusal terim veya coğrafi ad Biyografi, Mehmet Rıza Kuğu
700 1# - EK GİRİŞ - KİŞİ ADI
Yazar Adı (Kişi adı) Tunç, Sevecen
9 (RLIN) 3257
700 1# - EK GİRİŞ - KİŞİ ADI
Yazar Adı (Kişi adı) Güven, Halit
9 (RLIN) 3258
942 ## - EK GİRİŞ ÖGELERİ (KOHA)
Sınıflama Kaynağı Dewey Decimal Classification
Materyal Türü Kitap
900 ## - YEREL BİLGİ
Kontrol Can ÇELIK
Mevcut
Geri Çekilme Durumu Kayıp Durumu Sınıflandırma Kaynağı Kredi için değil Kalıcı Konum Mevcut Konum Kayıt Tarih Toplam Ödünçverme Yer Numarası Demirbaş Numarası Son Görülme Tarihi Fatura Tarihi Materyal Türü
    Dewey Decimal Classification   Prof. Dr. Ruşen Keleş Kütüphanesi Prof. Dr. Ruşen Keleş Kütüphanesi 31/03/2026   796.334092 BIZ 2011 RK1132 31/03/2026 31/03/2026 Kitap